00309nam a22001097a 4500020000800000040001600008082001600024100002700040245005800067260003700125300003700162 qPB. cFizza Ishaq a658.84bSID aHuff, Laurence Sidney. aCases In Electronic Commerce /cSidney Laurence Huff. aNew York :bMc Graw Hill,c1999. a470 p, ;c7.25 x 1 x 9.25 inches